| 000 | 00392 a2200157 4500 | ||
|---|---|---|---|
| 001 | 61050 | ||
| 020 | _a | ||
| 040 | _cAnchieta - Pituba | ||
| 100 | _aSantos, Jorge Luiz de Almeida | ||
| 240 | 1 | 0 |
_aEnglish for the vestibular _lpor |
| 245 | 1 | 0 | _aEnglish for the vestibular |
| 300 | _a168 | ||
| 362 | 0 | _a1985 | |
| 650 | 4 | _a. Vestibulares / Exames de admissão em universidades | |
| 942 | _cBK | ||
| 999 |
_c61050 _d61050 |
||